000 00497nam a2200169Ia 4500
008 210719s2017 xx 000 0 und d
041 _aeng
082 _a574.02 RAJB
100 _aRAJENDRA (K);DSilva (Precilla);FERNANDES (Anita)
245 _aBiology tutor for CET and NEET Vol I
260 _aMangalore
_bBoscoss Publications
_c2017
300 _a1158
_bPB
365 _b615
_cRs
650 _aBiology
650 _aBiology Entrance
906 _aBiology ; cet ; for ; I ; neet ; tutor ; Vol
999 _c215827
_d215827